Hydro International (Record no. 118715)

MARC details
000 -LEADER
fixed length control field 00428cas a22001815a 4500
001 - CONTROL NUMBER
control field ##L103774
008 - FIXED-LENGTH DATA ELEMENTS--GENERAL INFORMATION
fixed length control field 070705c1997 ne mr p 0 a0eng u
022 1# - INTERNATIONAL STANDARD SERIAL NUMBER
International Standard Serial Number 1385-4569
035 ## - SYSTEM CONTROL NUMBER
System control number (Sirsi) u103774
041 0# - LANGUAGE CODE
Language code of text/sound track or separate title eng
245 00 - TITLE STATEMENT
Title Hydro International
260 3# - PUBLICATION, DISTRIBUTION, ETC.
Place of publication, distribution, etc. Lemmer
Name of publisher, distributor, etc. GITC
Date of publication, distribution, etc. 1997-
520 ## - SUMMARY, ETC.
Summary, etc. Kept for five years
554 ## -
-- 10 per year
651 #4 - SUBJECT ADDED ENTRY--GEOGRAPHIC NAME
Geographic name International
690 ## - LOCAL SUBJECT ADDED ENTRY--TOPICAL TERM (OCLC, RLIN)
Topical term or geographic name as entry element Hydrography
9 (RLIN) 6245
942 ## - ADDED ENTRY ELEMENTS (KOHA)
Suppress in OPAC 0
Holdings
Withdrawn status Lost status Source of classification or shelving scheme Damaged status Not for loan Home library Current library Shelving location Date acquired Total Checkouts Full call number Barcode Date last seen Price effective from Koha item type
    Dewey Decimal Classification     London London Gallery 20/10/2004   HYDRO INTERNATIONAL 103774-1001 06/08/2019 06/08/2019 Journal